Statistics for Country with the Most Khmer Speakers

Click here to take the quiz!

General Stats

  • This quiz has been taken 90 times
  • The average score is 13 of 15

Answer Stats

SpeakersAnswer% Correct
15 MCambodia
99%
1.14 MThailand
99%
> 1.4 MVietnam
97%
331 KUnited States
96%
3 KLaos
93%
30 KMalaysia
91%
80 KFrance
90%
36 KAustralia
87%
25 KCanada
87%
> 1 KUnited Kingdom
87%
~ 1 KGermany
81%
9 KJapan
81%
6 KNew Zealand
74%
49 KSouth Korea
74%
6 KTaiwan
59%

Score Distribution

Percentile by Number Answered

Percent of People with Each Score

Your Score History

You have not taken this quiz